Dimensions of the hospitality industry : a collage introduction

Bibliographic Details
Main Author: Dittmer, Paul
Other Authors: Griffin, Gerald G
Format: Book
Published: N.York : Van Nostrand Reinhold , 1993
Subjects:

MARC

LEADER 00000cam a2200000 7i4500
001 0000006818
002 000007346
005 .0
020 |a 0442007701 
090 0 0 |a 647.94068   |b DIT 
100 1 |a Dittmer, Paul 
245 1 0 |a Dimensions of the hospitality industry :   |b a collage introduction   |c Paul R.Dittmer and Gerald G.Griffin 
260 |a N.York :   |b Van Nostrand Reinhold ,   |c 1993 
300 |a 550p. ;   |c 24cm. 
650 0 0 |a Hospitality industry   |x Management 
700 1 |a Griffin, Gerald G 
999 |a 039260   |b BUKU   |c PINJAMAN   |e PERPUSTAKAAN KOMUNITI PETALING JAYA